[Event "AUTO-MASTER-582"]
[Site "http://www.queenalice.com/game.php?id=506703"]
[Date "2008.12.12"]
[Round "2"]
[White "jeantomasia"]
[Black "ChessXtreme"]
[Result "0-1"]
[WhiteElo "2289"]
[BlackElo "2304"]

1. e4 e5 2. Nf3 Nf6 3. Nxe5 d6 4. Nf3 Nxe4 5. Nc3 Nxc3 6. dxc3 Be7 7. Bd3 Nc6 8.
Bf4 O-O 9. Qd2 Bg4 10. O-O-O Qd7 11. h3 Be6 12. a3 Rae8 13. g4 f5 14. Rdg1 Bd5
15. Rg3 Bh4 16. Bxf5 Qf7 17. Nxh4 Bxh1 18. Be3 Qa2 19. Qd3 g6 20. Bxg6 Ne5 21.
Bxh7+ Kg7 22. Bd4 Rf6 23. Bxe5 Qa1+ 24. Kd2 Rxe5 25. Nf5+ Rfxf5 26. gxf5+ Kf8
27. Rg8+ Kf7 28. Qc4+ Rd5+ 29. Qxd5+ Bxd5 30. Rc8 Bf3 31. Rxc7+ Kf6 32. Ke3 Qd1
33. Bg8 Qe2+ 34. Kf4 Bh5 35. Kg3 Qf3+ 36. Kh4 Qf4+ 0-1

[Event "AUTO-MASTER-582"]
[Site "http://www.queenalice.com/game.php?id=506704"]
[Date "2008.12.12"]
[Round "2"]
[White "ChessXtreme"]
[Black "jeantomasia"]
[Result "1-0"]
[WhiteElo "2263"]
[BlackElo "2189"]

1. e4 c5 2. Nf3 d6 3. d4 cxd4 4. Nxd4 Nf6 5. Nc3 e6 6. Be3 Nc6 7. Bc4 Be7 8. Qe2
Bd7 9. O-O-O a6 10. Nxc6 bxc6 11. f4 Qa5 12. Bd2 Qb6 13. e5 dxe5 14. fxe5 Nd5
15. Qg4 g6 16. Qf3 O-O 17. Ne4 Rfb8 18. Bb3 a5 19. Rhf1 Be8 20. Nd6 Bxd6 21.
exd6 Rb7 22. Bh6 f5 23. Qe2 Bd7 24. Qe5 Bc8 25. d7 1-0

[Event "AUTO-MASTER-582"]
[Site "http://www.queenalice.com/game.php?id=506707"]
[Date "2008.12.12"]
[Round "2"]
[White "ChessXtreme"]
[Black "Eduardomoreto67"]
[Result "1-0"]
[WhiteElo "2255"]
[BlackElo "2127"]

1. e4 c5 2. Nf3 Nc6 3. d4 cxd4 4. Nxd4 e5 5. Nb5 d6 6. Bc4 Nf6 7. Bg5 a6 8. Bxf6
gxf6 9. Qh5 Qd7 10. Be6 Qe7 11. Bxf7+ Qxf7 12. Nc7+ Ke7 13. Nd5+ Ke6 14. Qf5#
1-0

[Event "AUTO-MASTER-582"]
[Site "http://www.queenalice.com/game.php?id=506708"]
[Date "2008.12.12"]
[Round "2"]
[White "Eduardomoreto67"]
[Black "ChessXtreme"]
[Result "0-1"]
[WhiteElo "2083"]
[BlackElo "2286"]

1. e4 e5 2. Nf3 Nf6 3. Nxe5 d6 4. Nf3 Nxe4 5. d4 d5 6. Be2 Be7 7. O-O O-O 8. Nc3
Nc6 9. Be3 Bf6 10. h3 Bf5 11. Nxe4 dxe4 12. Ne5 Nxe5 13. dxe5 Bxe5 14. c3 Qe7
15. Qb3 c6 16. Rad1 Rfe8 17. Rd2 b6 18. a4 Rad8 19. Rfd1 Rxd2 20. Rxd2 Bb8 21.
Qc4 Qe5 22. g3 Qe6 23. Qxe6 Bxe6 24. Kg2 f5 25. b4 Be5 26. Bd4 Rd8 27. Be3 Rxd2
28. Bxd2 Bb3 29. a5 Kf7 30. axb6 axb6 31. c4 Bd4 32. Be3 c5 33. b5 Bxe3 34. fxe3
Kf6 35. Kf1 Ke5 36. Ke1 g5 37. Kd2 f4 38. gxf4+ gxf4 39. Kc3 f3 40. Bf1 Ba4 41.
h4 Kf5 42. Bh3+ Kg6 43. Kd2 Bb3 44. Kc3 Ba2 45. Bg4 f2 46. Be2 Bb1 0-1

[Event "AUTO-MASTER-770"]
[Site "http://www.queenalice.com/game.php?id=562558"]
[Date "2009.3.27"]
[Round "1"]
[White "afonso092"]
[Black "ChessXtreme"]
[Result "0-1"]
[WhiteElo "2023"]
[BlackElo "2300"]

1. e4 e5 2. Bc4 Nf6 3. d3 c6 4. Nc3 d5 5. exd5 cxd5 6. Bb3 Bb4 7. Bd2 O-O 8. h3
Nc6 9. Nf3 e4 10. dxe4 dxe4 11. Nh2 Qe7 12. O-O Rd8 13. Qe2 Nd4 14. Qe3 Bc5 15.
Qe1 Qe5 16. Be3 b6 17. Rd1 Ba6 18. Bxd4 Bxd4 19. Ne2 Bxb2 20. Rxd8+ Rxd8 21. Kh1
h5 22. Rg1 e3 23. fxe3 Bxe2 24. Qxe2 Ne4 25. Nf1 Qg3 26. Bxf7+ Kf8 27. Nxg3
Nxg3+ 28. Kh2 Nxe2 0-1

[Event "AUTO-MASTER-770"]
[Site "http://www.queenalice.com/game.php?id=562559"]
[Date "2009.3.27"]
[Round "1"]
[White "ChessXtreme"]
[Black "afonso092"]
[Result "1-0"]
[WhiteElo "2303"]
[BlackElo "1948"]

1. d4 d5 2. e3 Nf6 3. Bd3 g6 4. Nf3 Bg7 5. c4 O-O 6. Nc3 e6 7. O-O dxc4 8. Bxc4
Nc6 9. e4 Ne8 10. e5 a6 11. Be3 Ne7 12. d5 exd5 13. Nxd5 Nxd5 14. Bxd5 c6 15.
Bxf7+ 1-0

[Event "AUTO-MASTER-770"]
[Site "http://www.queenalice.com/game.php?id=562570"]
[Date "2009.3.27"]
[Round "1"]
[White "Poirot"]
[Black "ChessXtreme"]
[Result "0-1"]
[WhiteElo "1833"]
[BlackElo "2320"]

1. e4 c5 2. Nf3 e6 3. d4 cxd4 4. Nxd4 Nf6 5. Nc3 Bb4 6. e5 Ne4 7. Bd2 Bxc3 8.
Bxc3 Nxc3 9. bxc3 Qa5 10. Qd2 Qxe5+ 11. Be2 O-O 12. Nf3 Qc5 13. O-O d5 14. Qd3
Nc6 15. Ng5 f5 16. Rae1 e5 17. Bg4 h6 18. Bxf5 Bxf5 19. Qg3 hxg5 20. Qxg5 Qxc3
21. Rb1 Rf7 22. h4 Qxc2 23. g4 Bd3 24. Rbc1 Qxa2 25. Ra1 Qb2 26. Qc1 Qd4 27. Rd1
Qxf2+ 28. Kh1 Be4# 0-1

[Event "AUTO-MASTER-770"]
[Site "http://www.queenalice.com/game.php?id=562571"]
[Date "2009.3.27"]
[Round "1"]
[White "ChessXtreme"]
[Black "Poirot"]
[Result "1-0"]
[WhiteElo "2319"]
[BlackElo "1835"]

1. Nf3 d5 2. c4 dxc4 3. e3 e6 4. Bxc4 Bc5 5. O-O Nf6 6. d4 Be7 7. Nc3 Nc6 8. a3
O-O 9. e4 e5 10. dxe5 Qxd1 11. Rxd1 Nd7 12. e6 fxe6 13. Bxe6+ Kh8 14. Bxd7 Bxd7
15. Rxd7 Rac8 16. Be3 b6 17. Nb5 Bf6 18. Rc1 Rfd8 19. Rxd8+ Rxd8 20. g3 Bxb2 21.
Rxc6 Rd1+ 22. Kg2 g6 23. Rxc7 h5 24. Bd4+ Bxd4 25. Nbxd4 a5 26. Ne6 Ra1 27. Nfg5
Rg1+ 28. Kxg1 b5 29. Rc8# 1-0

[Event "AUTO-MASTER-770"]
[Site "http://www.queenalice.com/game.php?id=562578"]
[Date "2009.3.27"]
[Round "1"]
[White "ChessXtreme"]
[Black "attachui"]
[Result "1-0"]
[WhiteElo "2304"]
[BlackElo "2077"]

1. e4 c5 2. Nf3 d6 3. d4 cxd4 4. Nxd4 Nf6 5. Nc3 a6 6. Be3 e5 7. Nf3 Bg4 8. h3
Be6 9. Bd3 Nc6 10. Ng5 Qd7 11. Na4 Rb8 12. Nb6 Qc7 13. O-O h6 14. Nxe6 fxe6 15.
c3 Nd7 16. Qh5+ Kd8 17. Nxd7 Qxd7 18. Bb6+ Kc8 19. Bc4 Ne7 20. Bxe6 1-0

[Event "AUTO-MASTER-770"]
[Site "http://www.queenalice.com/game.php?id=562579"]
[Date "2009.3.27"]
[Round "1"]
[White "attachui"]
[Black "ChessXtreme"]
[Result "0-1"]
[WhiteElo "1987"]
[BlackElo "2317"]

1. d4 Nf6 2. c4 e6 3. Nc3 d5 4. Bg5 Be7 5. Qc2 O-O 6. Nf3 h6 7. Bh4 Nc6 8. a3
dxc4 9. Rd1 Nd5 10. Bxe7 Qxe7 11. e4 Nxc3 12. Qxc3 b5 13. Be2 Bb7 14. O-O Rfe8
15. Rfe1 Rad8 16. d5 exd5 17. exd5 Ne5 18. Nxe5 Qxe5 19. Qb4 Rxd5 20. Rc1 Qf4
21. Bf3 Rxe1+ 22. Rxe1 Rf5 23. Qc3 Bxf3 24. gxf3 Rg5+ 25. Kf1 Qxh2 26. Re8+ Kh7
27. Qe3 Rg1+ 28. Ke2 Qh3 29. Qe4+ f5 30. Qa8 Qf1+ 31. Ke3 Qd3+ 32. Kf4 Qd6+ 33.
Re5 g5+ 0-1

[Event "AUTO-ELITE-321"]
[Site "http://www.queenalice.com/game.php?id=569952"]
[Date "2009.4.10"]
[Round "1"]
[White "ChessXtreme"]
[Black "Panter"]
[Result "1/2-1/2"]
[WhiteElo "2347"]
[BlackElo "2322"]

1. e4 e5 2. Nf3 Nc6 3. Bb5 a6 4. Bxc6 dxc6 5. O-O Bg4 6. h3 h5 7. d3 Qf6 8. Nbd2
g5 9. c3 Be6 10. d4 g4 11. Nxe5 gxh3 12. g3 Qg7 13. Ndf3 h4 14. Bf4 hxg3 15.
fxg3 f6 16. Nd3 O-O-O 17. Qe2 Bd6 18. Bxd6 cxd6 19. Kh1 Re8 20. b3 Nh6 21. Rae1
Bd5 22. Nfe5 Bxe4+ 23. Qxe4 fxe5 24. dxe5 dxe5 25. a3 Rhg8 26. Rf3 Ng4 27. Nc5
Re7 28. Ref1 Kb8 29. Qb4 Rge8 30. Nxa6+ Ka7 31. Nc5 e4 32. Rd1 exf3 1/2-1/2

[Event "AUTO-ELITE-321"]
[Site "http://www.queenalice.com/game.php?id=569953"]
[Date "2009.4.10"]
[Round "1"]
[White "Panter"]
[Black "ChessXtreme"]
[Result "0-1"]
[WhiteElo "2334"]
[BlackElo "2335"]

1. e4 c5 2. Nf3 d6 3. d4 cxd4 4. Nxd4 Nf6 5. Nc3 a6 6. Be2 e5 7. Nf3 Be7 8. O-O
O-O 9. Re1 Be6 10. Ng5 Bd7 11. Bc4 Nc6 12. Nxf7 Rxf7 13. Bxf7+ Kxf7 14. Be3 Qc7
15. Qd2 Kg8 16. Nd5 Nxd5 17. Qxd5+ Kh8 18. c3 Nd8 19. Qd3 Be6 20. a4 Rc8 21. Qe2
Qc6 22. f3 Nf7 23. Qf2 d5 24. exd5 Bxd5 25. Qe2 Bb3 26. a5 Kg8 27. Bb6 Qe6 28.
Qe4 Bd5 29. Qe3 Bh4 30. Red1 Bb3 31. Rd3 Bg5 32. Qe4 Bc2 0-1

[Event "art"]
[Site "http://www.queenalice.com/game.php?id=586298"]
[Date "2009.5.10"]
[Round "1"]
[White "ChessXtreme"]
[Black "art"]
[Result "1-0"]
[WhiteElo "2317"]
[BlackElo "2224"]

1. e4 e5 2. Nf3 Nc6 3. Bb5 Nf6 4. O-O Bc5 5. Nxe5 Nxe5 6. d4 Qe7 7. dxc5 c6 8.
Be2 Nxe4 9. Re1 Qxc5 10. Be3 Qd5 11. Bd3 Nxd3 12. cxd3 Nf6 13. Nc3 Qf5 14. Bxa7+
Kf8 15. Qe2 h6 16. Bd4 Kg8 17. Qe7 Nd5 18. Qc5 Kh7 19. Nxd5 cxd5 20. Re3 Ra6 21.
Rf3 Qe6 22. Bc3 f6 23. Qd4 Qf7 24. Rf5 Re8 25. Rxd5 Qg6 26. h4 d6 27. h5 Qf7 28.
a4 Bd7 29. Rxd6 Rxd6 30. Qxd6 Bc6 31. Qc5 Qd7 32. Qc4 Qf5 33. Qf7 Re2 34. Qg6+
Qxg6 35. hxg6+ Kxg6 36. a5 Rc2 37. Rd1 Kf7 38. d4 Bd5 39. Ra1 g5 40. a6 bxa6 41.
Rxa6 1-0

[Event "AUTO-MASTER-770"]
[Site "http://www.queenalice.com/game.php?id=620361"]
[Date "2009.7.17"]
[Round "2"]
[White "Danton"]
[Black "ChessXtreme"]
[Result "0-1"]
[WhiteElo "2376"]
[BlackElo "2326"]

1. d4 d5 2. c4 e6 3. Nf3 Nf6 4. Nc3 Be7 5. g3 O-O 6. cxd5 exd5 7. Bg2 Bf5 8. O-O
Nbd7 9. Qb3 Nb6 10. Bf4 Nh5 11. Be3 h6 12. a4 a5 13. Ne5 Nf6 14. Bf4 c6 15. Rfc1
Re8 16. h3 Bb4 17. Na2 Bf8 18. g4 Be4 19. Nc3 Bxg2 20. Kxg2 Bb4 21. Na2 Be7 22.
Nc3 Bb4 23. Na2 Be7 0-1

[Event "AUTO-MASTER-770"]
[Site "http://www.queenalice.com/game.php?id=620362"]
[Date "2009.7.17"]
[Round "2"]
[White "ChessXtreme"]
[Black "Danton"]
[Result "1-0"]
[WhiteElo "2340"]
[BlackElo "2362"]

1. Nf3 Nf6 2. b3 g6 3. Bb2 Bg7 4. e3 O-O 5. Be2 c5 6. O-O d5 7. d4 cxd4 8. Bxd4
Nc6 9. Bb2 Qa5 10. a3 Bf5 11. Nbd2 Rac8 12. b4 Qc7 13. c4 dxc4 14. Bxc4 a6 15.
Qe2 b5 16. Bb3 Rcd8 17. Rfc1 Bd3 18. Qe1 Qb7 19. Bc2 h6 20. Nb3 Bc4 21. Nc5 Qc8
22. Bb3 Bxb3 23. Nxb3 1-0

[Event "AUTO-MASTER-770"]
[Site "http://www.queenalice.com/game.php?id=620363"]
[Date "2009.7.17"]
[Round "2"]
[White "armesto65"]
[Black "ChessXtreme"]
[Result "1-0"]
[WhiteElo "2249"]
[BlackElo "2331"]

1. e4 c5 2. Nf3 d6 3. d4 cxd4 4. Nxd4 Nf6 5. Nc3 a6 6. Be3 Ng4 7. Bd2 Qb6 8. f3
Qxd4 9. fxg4 Nc6 10. Qe2 Qb6 11. O-O-O Ne5 12. h3 e6 13. Be3 Qc6 14. Bd4 b5 15.
a3 Bb7 16. g3 Be7 17. Bg2 1-0

[Event "AUTO-MASTER-770"]
[Site "http://www.queenalice.com/game.php?id=620364"]
[Date "2009.7.17"]
[Round "2"]
[White "ChessXtreme"]
[Black "armesto65"]
[Result "0-1"]
[WhiteElo "2346"]
[BlackElo "2234"]

1. e4 c5 2. Nf3 e6 3. d4 cxd4 4. Nxd4 Nf6 5. Nc3 Bb4 6. Bd3 Nc6 7. Nxc6 dxc6 8.
Bd2 e5 9. O-O O-O 10. a3 Be7 11. h3 Be6 12. Qf3 Qc7 13. Ne2 Rad8 14. Ng3 Rd7 15.
Nf5 Bxf5 16. Qxf5 Rfd8 0-1

[Event "AUTO-ELITE-321"]
[Site "http://www.queenalice.com/game.php?id=679049"]
[Date "2009.11.7"]
[Round "2"]
[White "Cevapcic"]
[Black "ChessXtreme"]
[Result "1-0"]
[WhiteElo "2500"]
[BlackElo "2357"]

1. d4 Nf6 2. c4 e6 3. Nf3 d5 4. g3 Be7 5. Bg2 O-O 6. O-O dxc4 7. Qc2 a6 8. a4 c5
9. dxc5 Nc6 10. Na3 Bxc5 11. Nxc4 Qe7 12. Nfe5 Nxe5 13. Nxe5 Rd8 14. Bg5 Bd4 15.
Nf3 h6 16. Nxd4 hxg5 17. Rfd1 Rb8 18. Nf3 Bd7 19. Nxg5 b5 20. axb5 Rbc8 21. Qb3
Bxb5 22. Bf3 Nd7 23. h4 Ne5 24. Rxd8+ Qxd8 25. Bb7 Rb8 26. Qc3 Rxb7 27. Qxe5 Rc7
28. Kh2 Qe7 29. Qe4 g6 30. Rd1 Bc6 31. Qe3 Bb5 32. Rd2 Rd7 33. Rxd7 Qxd7 34. Ne4
Qd1 35. Nc3 Qd7 36. f3 Qb7 37. Ne4 Qe7 38. Kg2 Kg7 39. Kf2 Qd8 40. Qc3+ Kg8 41.
Ke1 Qb6 42. Qc5 Qxc5 43. Nxc5 e5 44. g4 Kg7 45. e4 Kf8 46. Kd2 Ke7 47. Ke3 f6
48. b4 Bc4 49. f4 exf4+ 50. Kxf4 Kf7 51. h5 gxh5 52. gxh5 Bf1 53. h6 Kg6 54. Nd7
Be2 55. h7 Kxh7 56. Nxf6+ Kg6 57. Ke5 Kf7 58. Nd5 Bf3 59. Nc7 Ke7 60. Nxa6 Kd7
61. Kd5 Kc8 62. Nc5 Kc7 63. Ne6+ Kb6 64. Nd4 Bg2 65. Ke5 Kc7 66. Kf4 Kd7 67. e5
Bd5 68. Kf5 Ke7 69. b5 1-0

[Event "AUTO-ELITE-321"]
[Site "http://www.queenalice.com/game.php?id=679050"]
[Date "2009.11.7"]
[Round "2"]
[White "ChessXtreme"]
[Black "Cevapcic"]
[Result "1/2-1/2"]
[WhiteElo "2353"]
[BlackElo "2406"]

1. e4 e6 2. d4 d5 3. Nd2 Nc6 4. Ngf3 Nf6 5. e5 Nd7 6. Nb3 Be7 7. c3 f6 8. exf6
Bxf6 9. Bb5 O-O 10. Bf4 e5 11. Bxc6 bxc6 12. dxe5 Re8 13. O-O Nxe5 14. Nxe5 Bxe5
1/2-1/2

[Event "art"]
[Site "http://www.queenalice.com/game.php?id=712951"]
[Date "2010.1.13"]
[Round "2"]
[White "darewing"]
[Black "ChessXtreme"]
[Result "1/2-1/2"]
[WhiteElo "2420"]
[BlackElo "2355"]

1. e4 e6 2. d4 d5 3. Nd2 c5 4. Ngf3 Nf6 5. e5 Nfd7 6. c3 Nc6 7. Bd3 f6 8. O-O
fxe5 9. Nxe5 Ndxe5 10. dxe5 Nxe5 11. Qh5+ Nf7 12. Re1 Bd6 13. Bb5+ Kf8 14. Qd1
g6 15. Nf3 a6 16. Ba4 b5 17. Bc2 Bd7 18. h4 Kg7 19. g3 Rf8 20. h5 Qf6 21. Nh2
Qe7 22. Kg2 c4 23. Nf3 Qf6 24. hxg6 hxg6 25. Nh4 g5 26. Qg4 Bc5 27. Re2 Rad8 28.
f4 e5 29. Nf5+ Bxf5 30. Bxf5 Nd6 31. Be6 Ne4 32. f5 Rh8 33. Rxe4 Qh6 1/2-1/2